000 00815nam a2200229 i 4500
001 38822
003 ES-MaACL
005 20230912063103.0
007 t|
008 030226s1884 sp ||||1| spa d
080 _a929 Cánovas del Castillo, Antonio
100 1 _aCampoamor, Ramón de,
_d1817-1901
_934232
245 1 0 _aCánovas /
_cpor Ramón de Campoamor.
260 _aMadrid :
_bLuis Navarro,
_c1884 (
_fImp. Central)
300 _a29 p. ;
_c18 cm.
530 _aDisponible en formato digital.
600 1 4 _aCánovas del Castillo, Antonio,
_d1828-1897-
_xBiografías
_9172706
852 _aES-MaACL
_jL-4898 (5-6)
852 _aES-MaACL
_jT-759-F-3
856 _uhttp://bdh-rd.bne.es/viewer.vm?id=0000110436&page=1
_zBiblioteca Digital Hispánica
999 _c38822
_d38822